书目信息 |
| 题名: |
特殊教育的医学基础
|
|
| 作者: | 杨长江 著 | |
| 分册: | ||
| 出版信息: | 上海 华东师范大学出版社 2016.03 |
|
| 页数: | 179页 | |
| 开本: | 26cm | |
| 丛书名: | ||
| 单 册: | ||
| 中图分类: | G760 , R72 | |
| 科图分类: | ||
| 主题词: | 残疾人--儿童教育--特殊教育--教材 , 小儿疾病--诊疗--教材 | |
| 电子资源: | ||
| ISBN: | 978-7-5675-3973-0 | |
| 000 | 01011nam0 2200277 450 | |
| 001 | 0120161807622 | |
| 005 | 20160704091522.23 | |
| 010 | @a978-7-5675-3973-0@dCNY25.00 | |
| 100 | @a20160329d2016 em y0chiy50 ea | |
| 101 | 0 | @achi |
| 102 | @aCN@b310000 | |
| 105 | @aak z 000yy | |
| 106 | @ar | |
| 200 | 1 | @a特殊教育的医学基础@9te shu jiao yu de yi xue ji chu@f杨长江著 |
| 210 | @a上海@c华东师范大学出版社@d2016.03 | |
| 215 | @a179页@c图@d26cm | |
| 300 | @a教师教育精品教材 特殊教育专业系列 “十二五”国家重点图书 | |
| 330 | @a本书共分为九章,主要内容包括:遗传学基础、胚胎学基础、神经科学基础、视觉障碍的医学基础、听觉障碍的医学基础、言语障碍的医学基础、肢体障碍的医学基础、精神障碍的医学基础等。 | |
| 333 | @a师范院校相关专业师生,特殊教育研究与管理人员 | |
| 606 | 0 | @a残疾人@x儿童教育@x特殊教育@j教材 |
| 606 | 0 | @a小儿疾病@x诊疗@j教材 |
| 690 | @aG760@v5 | |
| 690 | @aR72@v5 | |
| 701 | 0 | @a杨长江@9yang chang jiang@4著 |
| 801 | 0 | @aCN@b人天书店@c20160329 |
| 905 | @b880430-35@dG760@e82@f6 | |
| 特殊教育的医学基础/杨长江著.-上海:华东师范大学出版社,2016.03 |
| 179页:图;26cm |
| 教师教育精品教材 特殊教育专业系列 “十二五”国家重点图书.-使用对象:师范院校相关专业师生,特殊教育研究与管理人员 |
| ISBN 978-7-5675-3973-0:CNY25.00 |
| 本书共分为九章,主要内容包括:遗传学基础、胚胎学基础、神经科学基础、视觉障碍的医学基础、听觉障碍的医学基础、言语障碍的医学基础、肢体障碍的医学基础、精神障碍的医学基础等。 |
| ● |
| 相关链接 |
|
|
|
|
正题名:特殊教育的医学基础
索取号:G760/82
 
预约/预借
| 序号 | 登录号 | 条形码 | 馆藏地/架位号 | 状态 | 备注 |
| 1 | 880430 | 208804301 | 第一样本阅览室/ [索取号:G760/82] | 在馆 | |
| 2 | 880431 | 208804310 | 教育系资料室/ [索取号:G760/82] | 在馆 | |
| 3 | 880432 | 208804329 | 教育系资料室/ [索取号:G760/82] | 在馆 | |
| 4 | 880433 | 208804338 | 教育系资料室/ [索取号:G760/82] | 在馆 | |
| 5 | 880434 | 208804347 | 第四借阅区/ [索取号:G760/82] | 在馆 | |
| 6 | 880435 | 208804356 | 第四借阅区/ [索取号:G760/82] | 在馆 |